00878nam a2200229 a 450000100060000000300080000600500170001400800410003102000150007203500190008704000350010604100080014108200260014911100420017524501890021726000790040630000330048550400490051865000270056765000290059470000250062366467BD-RjUL20211209081539.0920603s1977 njua b 101 0 eng d a0470991208 a(BD-RjUL)66597 aBD-RjULbengcBD-RjULdBD-RjUL aeng 223a153.733bATT 19772 aAttention and Performance (Symposium)10aAttention and performance VI :bproceedings of the sixth International Symposium on Attention and Performance, Stockholm, Sweden, July 28-August 1, 1975 /cedited by Stanislav Dornič aHillsdale, N.J :bErlbaum ;aLondon :bHalsted Press [distributor],c1977. axx, 777 p. :bill. ;c24 cm. aIncludes bibliographic references and index. 0aAttentionxCongresses. 0aPerformancexCongresses.1 aDornič, Stanislav.